Přichází čas zásadní reformy

Reforma podnikových daní v Nemecku. Rôznorodosť názorov na reformu zdanenia podnikov v Nemecku. Ciele reformy a problémy daňovej sústavy v Nemecku.

Na minha lista:
Detalhes bibliográficos
Autor principal: Klusoň, Václav
Formato: Capítulo de Livro
Idioma:tcheco
Assuntos:
Tags: Adicionar Tag
Sem tags, seja o primeiro a adicionar uma tag!

MARC

LEADER 00000naa a2200000 4500
001 r035338
005 20230920100009.8
041 0 |a cze 
044 |a CZ 
245 1 0 |a Přichází čas zásadní reformy  |c Václav Klusoň 
520 |a Reforma podnikových daní v Nemecku. Rôznorodosť názorov na reformu zdanenia podnikov v Nemecku. Ciele reformy a problémy daňovej sústavy v Nemecku. 
610 2 0 |a sústava daňová 
610 2 0 |a reformy daňové 
610 2 0 |a Nemecko 
610 2 0 |a podnik 
610 2 0 |a podnikanie 
610 2 0 |a zamestnanosť 
610 2 0 |a investície 
610 2 0 |a sadzby daňové 
610 2 0 |a politika 
610 2 0 |a príjmy 
610 2 0 |a zákony 
100 1 |a Klusoň, Václav